000
00413nam a2200133Ia 4500
008
100328s9999 xx 000 0 und d
082
_b
14175
100
_a
बागूल देविदास
245
_a
आस्तिक नास्तिक
260
_b
कल्पना
630
_a
आस्तिक नास्तिक
730
_a
आस्तिक नास्तिक
942
_c
BOOK
999
_c
509169
_d
509166